| 000 | 00488nam a2200181Ia 4500 | ||
|---|---|---|---|
| 008 | 240925s9999 xx 000 0 und d | ||
| 020 | _a013556557x | ||
| 082 | _a658.4012 MIN | ||
| 100 | _aHenry , Mintzberg ; James Brian Quinn,; John , Voyer | ||
| 245 | 4 | _aThe Strategy Process | |
| 250 | _aNA | ||
| 260 |
_aNew Jersey: _bPrintice- Hall Int. _c,1995. |
||
| 300 |
_axii,436p. _bNA _fPirated |
||
| 500 | _aIncludes Index | ||
| 600 | _aManagement | ||
| 650 | _aManagement | ||
| 942 | _cBK | ||
| 999 |
_c5363 _d5363 |
||